Nueve dramas / (Record no. 109770)
[ view plain ]
| 000 -LEADER | |
|---|---|
| campo de control de longitud fija | 00460nam a2200157 4500 |
| 001 - NÚMERO DE CONTROL | |
| campo de control | 109770 |
| 003 - IDENTIFICADOR DE NÚMERO DE CONTROL | |
| campo de control | ES-MaACL |
| 007 - CAMPO FIJO DE DESCRIPCIÓN FÍSICA--INFORMACIÓN GENERAL | |
| campo de control de longitud fija | t| |
| 008 - DATOS DE LONGITUD FIJA--INFORMACIÓN GENERAL | |
| campo de control de longitud fija | 061121s1947 ag r ||||1| spa d |
| 100 1# - ENTRADA PRINCIPAL--NOMBRE DE PERSONA | |
| Nombre de persona | O'Neill, Eugene. |
| 9 (RLIN) | 86353 |
| 245 10 - MENCIÓN DEL TÍTULO | |
| Título | Nueve dramas / |
| Mención de responsabilidad, etc. | Eugene O'Neill ; traducción de León Mirlas. |
| 260 ## - PUBLICACIÓN, DISTRIBUCIÓN, ETC. | |
| Lugar de publicación, distribución, etc. | Buenos Aires : |
| Nombre del editor, distribuidor, etc. | Edit. Sudamericana, |
| Fecha de publicación, distribución, etc. | 1947. |
| 300 ## - DESCRIPCIÓN FÍSICA | |
| Extensión | 2 v. ; |
| Dimensiones | 19 cm. |
| 700 1# - ENTRADA AGREGADA--NOMBRE PERSONAL | |
| Nombre de persona | Mirlas, León. |
| 9 (RLIN) | 81594 |
| 852 ## - LOCALIZACIÓN | |
| Ubicación | ES-MaACL |
| Número de control de estantería | E-265-66 |
| Sublocalización o colección | R.26391 |
| Estatus retirado | Estado de pérdida | Estado de daño | No para préstamo | Biblioteca de origen | Biblioteca actual | Ubicación en estantería | Fecha de adquisición | Fuente de adquisición | Total de préstamos | Signatura topográfica completa | Código de barras | Visto por última vez | Precio de reemplazo | Tipo de ítem Koha |
|---|---|---|---|---|---|---|---|---|---|---|---|---|---|---|
| Biblioteca del Ateneo de Madrid | Biblioteca del Ateneo de Madrid | Depósito 2 | 17/01/2008 | E-265-66 | 1114532 | 23/02/2023 | 23/02/2023 | Libro impreso |
